00566cam a2200157 a 450000100100000000500170001000800410002702000150006804000180008305000240010108200150012510000360014024500770017626001270025330000280038000000985020200929161730.0020729s2001 nq a 001 0 spa  a9992442328 aDO-SdBNPcDLC00aMLCS 2002/04941 (P) ann*bS586t1 aSilva, Fernando Antonio,d1957-10aTiempos de lluvia y sol :bpoesía 1975-2001 /cFernando Antonio Silva. aManagua :bAsociación Noruega de Escritores ;bCentro Nicaragûense de Escritores ;bAgencia para el Desarrollo,c2001. a194 p. :bil. ;c21 cm.